Statistics for Unrarest 'A' cities

Click here to take the quiz!

General Stats

  • This quiz has been taken 81 times
  • The average score is 31 of 50

Answer Stats

RarityPopulationAnswerCountry% Correct
61.8%741,636Amsterdamthe Netherlands
97%
23.8%127,315AthensUSA
96%
62.8%664,046AthensGreece
96%
63.8%3,517,182AnkaraTurkiye
94%
58.5%2,364,230AlgiersAlgeria
90%
55.7%5,107,530AlexandriaEgypt
89%
18.8%159,467AlexandriaUSA
89%
54.0%603,492Abu DhabiUAE
87%
52.0%3,273,000Addis AbabaEthiopia
87%
45.7%1,470,100AucklandNew Zealand
86%
64.3%961,855AustinUSA
86%
39.6%1,275,857AmmanJordan
83%
66.6%498,715AtlantaUSA
83%
37.8%2,070,463AccraGhana
80%
41.0%1,165,632AdelaideAustralia
80%
36.8%1,235,880AbujaNigeria
79%
30.2%459,805AntwerpBelgium
79%
36.8%521,600AsuncionParaguay
76%
38.0%1,275,207AntananarivoMadagascar
74%
23.8%3,719,710AhmedabadIndia
69%
33.2%1,602,264AleppoSyria
69%
30.1%2,000,900AlmatyKazakhstan
69%
31.6%727,700AshgabatTurkmenistan
67%
25.0%380,568AsmaraEritrea
67%
26.3%4,395,243AbidjanCote d'Ivoire
66%
17.3%265,208AachenGermany
63%
22.8%196,670AberdeenUK
59%
17.3%1,430,055AgraIndia
59%
46.7%564,559AlbuquerqueUSA
59%
11.8%122,219AarhusDenmark
57%
29.0%202,081AugustaUSA
54%
16.7%237,551AalborgDenmark
51%
18.7%550,602AdenYemen
51%
21.5%758,188AntalyaTurkiye
51%
18.8%386,261AuroraUSA
46%
13.0%334,757AlicanteSpain
44%
27.6%346,824AnaheimUSA
44%
26.1%394,266ArlingtonUSA
44%
50.9%291,247AnchorageUSA
41%
14.2%673,479AcapulcoMexico
39%
13.9%1,248,988AdanaTurkiye
37%
22.1%200,393AmarilloUSA
36%
19.6%190,469AkronUSA
33%
22.0%123,851Ann ArborUSA
33%
12.5%125,845AllentownUSA
31%
16.9%259,196AugsburgGermany
31%
14.2%246,056A CorunaSpain
27%
13.4%337,472AswanEgypt
27%
11.0%356,051ArkhangelskRussia
24%
10.2%210,000AntakyaTurkiye
9%

Score Distribution

Percentile by Number Answered

Percent of People with Each Score

Your Score History

You have not taken this quiz